000
00232nam a22000857a 4500
008
161026b xxu||||| |||| 00| 0 eng d
100
_9
955
_a
Blyton.E.
245
_a
Good Woek, Secret Seven
260
_a
London
_b
Hodder Head Publications
_c
2004
999
_c
3610
_d
3610